000 00501cam a2200205ua 4500
001 7465
008 141211n ii |||gr||||Z||||||ben
020 _a8172010621
040 _cMAIN
041 _aben
082 _a891.444
100 _aMichaux, H.,
_eAuthor.
245 1 _aEkstambha shila
_cBy Henri Michaux
250 _a1st.
260 _aCalcutta:
_bSahitya akademi,
_c1991.
300 _a163p.
653 _aEast Indo-European & Celtic literatures
653 _aBengali essays
942 _cBK
999 _c6588
_d6588